[Event "Riga zt"]
[Site "Riga"]
[Date "1995.??.??"]
[Round "4"]
[White "Kaunas, Kestutis"]
[Black "Oll, Lembit"]
[Result "0-1"]
[WhiteElo "2415"]
[BlackElo "2610"]
[PlyCount "78"]
[EventDate "1995.03.??"]
[EventType "tourn"]
[EventRounds "13"]
[EventCountry "LAT"]
[EventCategory "10"]
[Source "ChessBase"]
[SourceDate "1995.08.01"]
[WhiteTeamCountry "EST"]
[BlackTeamCountry "RUS"]

1. d4 Nf6 2. c4 e6 3. Nf3 Bb4+ 4. Nbd2 d5 5. e3 O-O 6. a3 Be7 7. b3 b6 8. Be2
c5 9. Bb2 Bb7 10. O-O Nc6 11. dxc5 bxc5 12. Ne5 Nxe5 13. Bxe5 Qb6 14. Qc2 Rfd8
15. cxd5 exd5 16. Bf3 Rac8 17. Qb2 a5 18. Rfd1 Ba6 19. Nf1 g6 20. Ng3 h5 21. h3
Rd7 22. Rd2 h4 23. Ne2 Bxe2 24. Rxe2 Ne4 25. Rd1 Rcd8 26. Rc2 Ng5 27. Be2 d4
28. exd4 cxd4 29. Bd3 Ne6 30. Rc4 Rd5 31. Qe2 Qxb3 32. Bc7 R8d7 33. Rb1 Qxa3
34. Rb8+ Bf8 35. Bb6 Kg7 36. g3 hxg3 37. fxg3 Qd6 38. Rcc8 Qxg3+ 39. Kf1 Rg5
0-1

[Event "Riga zt"]
[Site "Riga"]
[Date "1995.??.??"]
[Round "5"]
[White "Oll, Lembit"]
[Black "Kengis, Edvins"]
[Result "1-0"]
[WhiteElo "2610"]
[BlackElo "2575"]
[Annotator "Dautov"]
[PlyCount "81"]
[EventDate "1995.03.??"]
[EventType "tourn"]
[EventRounds "13"]
[EventCountry "LAT"]
[EventCategory "10"]
[Source "ChessBase"]
[SourceDate "1995.08.01"]
[WhiteTeamCountry "EST"]
[BlackTeamCountry "RUS"]

1. d4 {Chekhov  Hansen,Cu} Nf6 2. c4 e6 3. Nf3 b6 4. g3 Ba6 5. Nbd2 Bb7 6. Bg2
c5 (6... Be7 {Hansen,Cu} 7. O-O O-O 8. Qc2 Na6 {N} 9. a3 c5 10. b3 d5 11. Bb2
dxc4 12. Qxc4 Qc8 13. Qd3 Rd8 14. Rfc1 Qb8 15. Qc2 $14 {
Yusupov,A 2610-Spraggett,K 2575, Quebec (m/7) 1989}) 7. e4 (7. d5 $5 {Chekhov}
exd5 8. Nh4 g6 $5 (8... Be7 9. cxd5 Bxd5 10. e4 Bc6 11. O-O O-O 12. Nf5 $44) 9.
cxd5 Bg7 10. Nc4 O-O 11. Nd6 (11. O-O d6 12. Bf4 Ba6 $1 13. Rc1 Bxc4 14. Rxc4
b5 $10 {Psakhis/}) 11... Ba6 12. a4 Ne8 13. Ne4 d6 14. O-O Nd7 15. Rb1 Ndf6 $10
{Van Wely,L-Psakhis,L/Leenwarden/1993/0:1/45/}) 7... cxd4 (7... Nxe4 {
Hansen,Cu  N} 8. Ne5 d5 9. cxd5 Nxd2 10. Qa4+ Nd7 11. Bxd2 Bxd5 12. Bxd5 exd5
13. O-O f6 14. Rfe1 fxe5 15. Rxe5+ Be7 16. Bg5 b5 17. Qxb5 Rb8 18. Qc6 Rb6 19.
Qa4 Rb4 20. Qc6 Rb6 {0,5/Goldin,A 2535-Smirin,I 2490-Moskva (GMA) 1989}) 8. O-O
(8. Nxd4 {Hansen,Cu} a6 (8... Bb4 9. Qe2 O-O 10. O-O Nc6 11. N2b3 Rc8 12. Rd1
a6 13. Bf4 Be7 14. Rd2 Bb4 15. Nxc6 Bxc6 16. Rd4 Ne8 17. Rad1 $16 {
+/- Agdestein,S-Wedberg,T/Haninge 45/(665) 1988}) (8... Bc5 $1 {N} 9. Nb5 (9.
N2b3 Bxe4) (9. N4b3 Be7 $10 (9... Be7 10. O-O Qc7 11. Re1 d6 12. Nd4 O-O 13. b3
a6 14. Bb2 Nbd7 $10 {
Piket,J-Salov,V/Wijk/1992/  + Ftacnik,L-Chernin,A/Praha/1989/})) (9. Nc2 {N}
Qc7 10. O-O Be7 (10... O-O 11. b3 Be7 12. e5 $5) (10... Nc6 11. b3 h5 $5 12.
Rb1 h4 13. b4 Be7 14. Bb2 hxg3 15. hxg3 a5 16. a3 axb4 17. axb4 $14 {
Browne,W-Ivanov,AV/USA-ch/1989/}) 11. e5 $6 (11. b3 d6 $10) 11... Bxg2 12. exf6
Bxf1 13. fxe7 Bd3 (13... Bxc4 14. Qg4 Bd5 15. Ne3 $5 Rg8 {/\ Nc6-e7}) 14. Qf3 (
14. Qg4 $2 Bg6) 14... Bxc2 15. Qxa8 Kxe7 16. b3 Rd8 $1 17. Ba3+ Ke8 18. Qf3 (
18. Ne4 d5 19. Nd6+ Rxd6 20. Bxd6 Qxd6 21. cxd5 exd5 22. Rc1 Bf5 $19) 18... Qe5
$1 19. Rc1 Bg6 $17 {Agdestein,S-Hjartarson,J/Beograd 48/692/1989/}) 9... a6 10.
Nc3 Qc7 11. Qe2 (11. O-O Be7 $10) 11... Be7 $1 12. O-O d6 13. a4 {/\ a5} Nc6 $1
14. b3 O-O 15. Bb2 Nd7 16. Rac1 Nc5 17. Qe3 Rfe8 $1 18. Ba3 Bf6 $1 19. b4 $6 (
19. Ne2 Rac8 $15) 19... Bd4 20. Qe2 Bxc3 $1 21. Rxc3 (21. bxc5 $5 Bxd2 $1 22.
cxb6 Bxc1 23. bxc7 Bxa3 24. Rb1 Ra7 $1 25. e5 Ba8 $1 $17) 21... Nxa4 22. Rcc1
a5 $17 {Welin,T-Chernin,A/Lugano 47/642/1989/}) 9. O-O Qc7 10. Re1 d6 11. b3
Be7 12. Bb2 O-O 13. Rc1 Nbd7 14. Nf1 Rfe8 15. Rc2 Rac8 16. f3 Qb8 17. Bh3 Bf8
18. Ne3 Ba8 19. Bf1 Qb7 20. Rd2 {
1/2-1/2 Nemet,I-Summermatter,D/Biel ch-CH (05) 1989}) (8. e5 {Hansen,Cu} Ne4 $1
9. O-O Nxd2 10. Bxd2 Bxf3 (10... Qc7 {Chekhov} 11. Bf4 Bxf3 12. Bxf3 Nc6 13.
Bxc6 dxc6 14. Qxd4 Rd8 15. Qe4 Be7 16. h4 O-O 17. h5 Rd7 $10 {
Van Wely,L-Gurevich,M/Groningen/1993/0,5/41/}) 11. Qxf3 Nc6 12. Qxc6 dxc6 13.
Bxc6+ Qd7 14. Bxd7+ Kxd7 $10) 8... d6 (8... Nxe4 {Hansen,Cu} 9. Ne5 d5 10. cxd5
exd5 11. Qa4+ Nd7 12. Re1 $36) (8... Nc6 {Hansen,Cu} 9. e5 {Karpov,A/} Ng4 10.
h3 Nh6 11. Ne4 $16) (8... Bc5 {Hansen,Cu} 9. e5 Ne4 10. Ng5 $1 Nc3 11. bxc3
Bxg2 12. Kxg2 Qxg5 13. Nf3 $16) 9. Nxd4 Nbd7 {N/} (9... Qd7 10. Re1 Be7 11. Nb1
(11. b3 {Hansen,Cu} O-O 12. Bb2 Nc6 13. N2f3 a6 14. Nxc6 Qxc6 $1 15. Nd4 Qc7
$10) 11... Nc6 12. Nc3 Nxd4 13. Qxd4 O-O {
Ivanchuk,V-Karpov,A/Linares/1994/0:1/30/} 14. b3 (14. h3 {Hansen,Cu} Rab8 15.
Be3 a6 16. a4 Ba8 $132 {/\Qc7}) 14... Rfd8 15. Bb2 Rab8 16. h3 Ba8 $10 {
Ivanchuk,V-Karpov,An/Linares 1994  Ivanchuk,V-Karpov,A/Linares/1994/}) (9...
Qc7 10. b3 Be7 11. Bb2 O-O 12. f4 a6 13. g4 Nc6 14. Nc2 Nd7 15. g5 b5 16. Qh5
bxc4 17. Rf3 Rfe8 18. Nxc4 $40 {
Ftacnik,L-Van den Doel,E/Wijk Sonnevanck (02) ;CBM 46 1995} (18. Nxc4 {
Hansen,Cu} d5 $13 {Ftacnik,L-Van den Doel,E/Wijk Sonnvanck/1995/})) (9... Be7 {
Hansen,Cu} 10. Qa4+ $5 Qd7 11. Qxd7+ Nbxd7 $2 12. Nb5 O-O 13. e5 Bxg2 14. exf6
Bxf1 15. fxe7 $16) 10. Re1 (10. b3 {Hansen,Cu} Qc7 11. Bb2 Be7 12. f4 O-O 13.
f5 e5 14. Nb5 Qc5+ 15. Kh1 a6 16. Nc3 b5 17. g4 h6 18. Qe2 bxc4 19. Nxc4 Nb6
20. Ne3 d5 21. Nexd5 Nbxd5 22. exd5 Nxd5 23. Nxd5 {
1/2-1/2 Shulman,Y-Budnikov,A/Vladivostok (07) ;EXP 43 1994}) 10... Qc8 (10...
Be7 11. e5 Bxg2 12. exf6 Bxf6 13. Nxe6 fxe6 14. Kxg2 Nc5 15. Ne4 $14) (10... a6
11. e5 Bxg2 12. exf6 Bb7 (12... Qxf6 {Hansen,Cu} 13. Nxe6 fxe6 14. Kxg2 Nc5 15.
Ne4 Nxe4 16. Rxe4 $16 {Browne,W-Burger,K/Philadelphia open/1990/}) 13. fxg7
Bxg7 14. Ne4 Bxe4 15. Rxe4 $14) (10... Qc7 $5 {Chekhov} 11. Nb5 Qb8) 11. a4 $1
a6 {><Pb6} (11... Be7 12. a5 bxa5 13. N2b3 Qxc4 $2 (13... Rb8 14. Nxa5 Ba8 15.
Nb5 $16) 14. Nxa5 Qa6 15. e5 Bxg2 16. exf6 $16) 12. a5 e5 {><d5} (12... bxa5
13. N2b3 Nc5 14. Nxc5 Qxc5 15. Nb3 $1 Qxc4 $2 16. Nxa5 Qb5 17. Nxb7 Qxb7 18. e5
Nd5 19. exd6 $18) (12... Rb8 {Chekhov} 13. axb6 Nxb6 14. N2b3 Be7 15. Na5 Ba8)
13. Nf5 (13. N4b3 {>=} b5 14. cxb5 axb5 15. Nb1 $5 (15. Nf1 $5) 15... Be7 16.
Nc3 b4 17. Nd5 Nxd5 18. exd5 $16) 13... g6 14. Ne3 Be7 15. axb6 O-O (15... Nxb6
16. b4 O-O 17. Bb2 $16 {/\Rc1,c5/}) (15... Bd8 $6 {Hansen,Cu} 16. b4 Bxb6 17.
c5 dxc5 18. Ndc4 $16) 16. b4 Bd8 17. c5 $6 (17. Nb3 $1 Bxb6 (17... Bxe4 $2 18.
Bxe4 Nxe4 19. Qd5 $18) (17... Nxe4 18. Nd5 $16) 18. Qd3 $16) 17... dxc5 18.
bxc5 Nxc5 (18... Qxc5 {Hansen,Cu} 19. Ba3 $16) (18... Be7 {Chekhov} 19. Ba3
Bxc5 20. Rc1) 19. Nec4 {><Pb6, /\Ba3} (19. Ba3 $5 {Chekhov}) 19... Nd3 20. Re3
$2 (20. Re2 {/\Ba3} Nxc1 21. Rxc1 Qe6 $132) 20... Nxf2 $1 (20... Nxc1 {
Hansen,Cu} 21. Rxc1 Qe6 22. Rd3 Be7 23. Qa4 $14) (20... Qd7 {Chekhov} 21. Ba3)
21. Kxf2 Ng4+ 22. Ke1 (22. Ke2 Nxe3 23. Kxe3 Bxb6+ 24. Nxb6 Qc3+ 25. Ke2 Qxa1
26. Nxa8 Rxa8 $15) 22... Nxe3 23. Nxe3 Bxb6 $36 24. Ndc4 Bxe3 (24... Bd4 $5 {
Chekhov} 25. Rb1) 25. Nxe3 Rd8 26. Qb3 (26. Nd5 Bxd5 27. exd5 Qc3+ 28. Bd2 Qd4
$36) 26... Rb8 27. Qa3 {><h6,><g7,><f6} Qe6 28. Rb1 (28. Nd5 $6 Bxd5 29. exd5
Rxd5 30. Bxd5 Qxd5 $40) 28... Ba8 (28... h5 $5 {Hansen,Cu}) 29. Rxb8 Rxb8 30.
Bd2 Rb1+ 31. Ke2 Bc6 $15 {/\32..Bb5+ 33.Kf2 Qf6+} 32. h3 (32. Qc5 $5 {Chekhov}
Bb5+ 33. Kf2 {/\Bb4/}) 32... Bb5+ 33. Kf2 {><d5} Qb6 (33... Rb3 $5 34. Qc5 $2
Rb2 35. Qc3 Qa2 36. Ke1 Rb3 37. Qc8+ Kg7 $17) (33... Qf6+ {Hansen,Cu} 34. Bf3 {
/\Nd5}) 34. Qc3 Qd4 35. Qc8+ Kg7 36. Bc3 Qd3 $2 (36... Qd6 $10 37. Nd5 $16 {
Chekhov}) 37. Bxe5+ f6 38. Bxf6+ $3 Kxf6 $2 (38... Kf7 39. Qc7+ Bd7 (39... Kxf6
{Chekhov} 40. Nd5+ $18) 40. Qf4 Qd2+ 41. Kf3 $16) 39. Nd5+ $18 Ke5 (39... Kg7
40. Qc7+ Kh6 (40... Kg8 41. Qd8+ Kf7 42. Qe7+ $18) 41. Qf4+ Kg7 42. Qf6+ Kh6
43. Qf8+ $18 (43. Qf8+ {Chekhov} Kg5 44. Qf4+ Kh5 45. Qh4#)) (39... Kg5 {
Chekhov} 40. h4+ Kh6 41. Qf8+ $18) 40. Qh8+ Kd6 41. Qf8+ (41. Qf8+ Kc6 (41...
Ke6 {Chekhov} 42. Qe7#) (41... Ke5 {Chekhov} 42. Qf6#) 42. Qc8+ Kd6 43. Qc7+
Ke6 44. Qe7#) 1-0

[Event "Riga zt"]
[Site "Riga"]
[Date "1995.??.??"]
[Round "6"]
[White "Miezis, Normunds"]
[Black "Oll, Lembit"]
[Result "0-1"]
[WhiteElo "2435"]
[BlackElo "2610"]
[PlyCount "88"]
[EventDate "1995.03.??"]
[EventType "tourn"]
[EventRounds "13"]
[EventCountry "LAT"]
[EventCategory "10"]
[Source "ChessBase"]
[SourceDate "1995.08.01"]
[WhiteTeamCountry "EST"]
[BlackTeamCountry "RUS"]

1. c4 c6 2. e4 d5 3. cxd5 cxd5 4. exd5 Nf6 5. Bb5+ Nbd7 6. Nc3 g6 7. d4 a6 8.
Qa4 Bg7 9. Nf3 O-O 10. Bxd7 Nxd7 11. O-O b5 12. Qb3 Nb6 13. a4 bxa4 14. Nxa4
Nxd5 15. Nc5 Qd6 16. Re1 Rb8 17. Qc2 Nb4 18. Qe4 Qd5 19. Bf4 Qxe4 20. Rxe4 Rb6
21. Bc7 Rb5 22. Be5 f6 23. Bg3 e5 24. h3 Bf5 25. Re2 exd4 26. Bd6 d3 27. Nxd3
Bxd3 28. Rd2 Bh6 29. Bxb4 Bxd2 30. Bxf8 Kxf8 31. Ra3 Rxb2 32. Rxd3 Bb4 33. Rd7
Bc5 34. Rxh7 a5 35. Rh8+ Kf7 36. Ra8 Ra2 37. Kh2 a4 38. Ne1 Bd6+ 39. g3 Rxf2+
40. Kg1 Ra2 41. g4 Bc5+ 42. Kf1 Rf2+ 43. Kg1 Rd2+ 44. Kf1 a3 0-1

[Event "Riga zt"]
[Site "Riga"]
[Date "1995.??.??"]
[Round "7"]
[White "Oll, Lembit"]
[Black "Piesina, Gintautas"]
[Result "1-0"]
[WhiteElo "2610"]
[BlackElo "2400"]
[PlyCount "47"]
[EventDate "1995.03.??"]
[EventType "tourn"]
[EventRounds "13"]
[EventCountry "LAT"]
[EventCategory "10"]
[Source "ChessBase"]
[SourceDate "1995.08.01"]
[WhiteTeamCountry "EST"]
[BlackTeamCountry "RUS"]

1. e4 c5 2. Nf3 d6 3. d4 cxd4 4. Nxd4 Nf6 5. Nc3 a6 6. Be2 e5 7. Nb3 Be7 8. O-O
O-O 9. Kh1 b5 10. a4 b4 11. Nd5 Nxd5 12. Qxd5 Ra7 13. Be3 Be6 14. Qd2 Rb7 15.
f4 exf4 16. Bxf4 Qc8 17. Nd4 Rd8 18. Nxe6 fxe6 19. Bg4 Bf6 20. Bxd6 Rb6 21.
Rxf6 gxf6 22. e5 Qc4 23. h3 Nd7 24. Be7 1-0

[Event "Riga zt"]
[Site "Riga"]
[Date "1995.??.??"]
[Round "8"]
[White "Ehlvest, Jaan"]
[Black "Oll, Lembit"]
[Result "0-1"]
[WhiteElo "2615"]
[BlackElo "2610"]
[Annotator "Blatny,P"]
[PlyCount "54"]
[EventDate "1995.03.??"]
[EventType "tourn"]
[EventRounds "13"]
[EventCountry "LAT"]
[EventCategory "10"]
[Source "ChessBase"]
[SourceDate "1995.08.01"]
[WhiteTeamCountry "EST"]
[BlackTeamCountry "RUS"]

1. c4 {Chekhov} c6 2. e4 d5 3. cxd5 cxd5 4. exd5 Nf6 5. Nc3 Nxd5 6. Nf3 Nc6 7.
d4 Bg4 8. Qb3 (8. Bb5 Qa5 $6 9. Qb3 Bxf3 10. gxf3 Nxc3 11. Bxc6+ (11. bxc3 e6
12. d5 $1 exd5 13. O-O O-O-O 14. Bxc6 bxc6 15. Rb1 Qc7 16. Qa4 Rd7 17. Bd2 $40
{Alekhine-Winter/London/1932/}) 11... bxc6 12. Qb7 Nd5+ 13. Bd2 Qb6 14. Qxa8+
Kd7 15. O-O Nc7 $19 {Nimzovitsch-Alekhine/Bled/1931/}) 8... Nb6 (8... Bxf3 9.
gxf3 (9. Qxb7 Ndb4 10. gxf3 Rb8 $19) 9... e6 (9... Nb6 {-> main line}) 10. Qxb7
Nxd4 11. Bb5+ Nxb5 12. Qc6+ Ke7 13. Qxb5 Qd7 14. Nxd5+ Qxd5 15. Qxd5 exd5 $10 {
_|_}) 9. Be3 (9. d5 Bxf3 10. gxf3 Nd4 11. Qd1 (11. Bb5+ Nd7 12. Qa4 Nxb5 13.
Nxb5 a6 14. Nc3 g6 $1 $10) 11... e5 12. dxe6 {Chekhov} fxe6 13. Be3 Bc5 14. Bg2
Qh4 $1 15. O-O Bd6 16. h3 Nf5 $132 {Malaniuk,V-Yudasin,L/URS-ch/1991/0,5/23/})
(9. Ne5 {Chekhov} Be6 10. Nxc6 bxc6 $10) 9... Bxf3 (9... e6 10. Ne5 {><<<}) 10.
gxf3 e6 11. O-O-O (11. Rg1 g6 12. O-O-O Bg7 13. d5 Nxd5 14. Nxd5 exd5 15. Bc5
$40 {Sveshnikov-Ivanov/Leningrad/1976/}) 11... Be7 (11... Rc8 12. Kb1 Qc7 13.
Nb5 Qb8 14. Nxa7 $1 $18 {Sisniega-Groszpeter/Insbruck/1977/}) 12. Rg1 (12. Kb1
$5 {Chekhov} O-O 13. d5 exd5 14. Nxd5 Nxd5 15. Qxd5 Bf6 $1 16. Bc4 Qc7 $132 {
Abramovic,B-Matulovic,M/YUG/1984/0,5/40/}) (12. d5 $5 {Chekhov} exd5 (12...
Nxd5 $2 13. Qxb7 Rc8 14. Bb5 Qc7 15. Qxc7 Rxc7 16. Nxd5 exd5 17. Kb1 $18 {
Chandler,M-Herman,J/GER/1981/}) 13. Bxb6 Qxb6 14. Qxb6 axb6 15. Nxd5 Rxa2 16.
Kb1 Ra5 17. Bb5 Kf8 18. Nxe7 Kxe7 19. Rhe1+ {
Ribli,Z-Miles,A/Surakarta/1982/0,5/19/}) 12... O-O 13. d5 Nxd5 14. Nxd5 exd5
15. Rxd5 Qc7 {N/} (15... Qc8 $6 {Chekhov  Rantanen,Y-Matulovic,M/Helsinki/1981/
} 16. Kb1 $1 $14) 16. Qc3 (16. Kb1 $5 {Chekhov}) 16... Bf6 17. Qc4 (17. Qxf6
Nd4+ 18. Kd2 Qc2+ 19. Ke1 Qb1+ 20. Kd2 Qxb2+ 21. Kd1 (21. Kd3 Qc2+ 22. Kxd4
Qb2+ $19) 21... Qa1+ (21... Qb1+ 22. Kd2 (22. Bc1 Qc2+ 23. Ke1 Qxc1#) 22...
Qxa2+ 23. Kd1 (23. Kd3 Qc2+ $19) (23. Kc3 Rfc8+ $19) 23... Qa1+ 24. Bc1 (24.
Kd2 Nb3+ $19) 24... Qa4+ 25. Kd2 (25. Ke1 Rfe8+ $19) 25... Qc2+ 26. Ke3 Qxc1+
$19) (21... Qc2+ {Chekhov} 22. Ke1 Qb1+ 23. Kd2 Qxa2+ 24. Kd1 Qa1+ 25. Bc1 Qa4+
26. Kd2 Qc2+ $19) 22. Bc1 {Pa2<->a} (22. Kd2 Nb3+ 23. axb3 Qxf6 $19)) 17...
Rad8 18. Rh5 (18. Rxd8 Rxd8 $36 (18... Rxd8 {Chekhov} 19. Be2 Qxh2)) 18... g6
19. f4 Bd4 20. Be2 Qe7 21. Rh3 Qf6 22. Qb5 (22. Qb3 {Chekhov} Rc8 23. Kb1 Qf5+
$19) 22... a6 23. Qh5 (23. Qb3 {Chekhov} Rc8) 23... Qg7 24. Qh4 Bxb2+ 25. Kb1
Ba3 26. Bc1 Bxc1 27. Rxc1 Rd2 (27... Rd2 {Chekhov} 28. Rc2 Rfd8 $19 (28... Rxc2
29. Kxc2 Nd4+ 30. Kd1 Nf5 $1 $19)) 0-1

[Event "Riga zt"]
[Site "Riga"]
[Date "1995.??.??"]
[Round "10"]
[White "Sepp, Olav"]
[Black "Oll, Lembit"]
[Result "1/2-1/2"]
[WhiteElo "2460"]
[BlackElo "2610"]
[PlyCount "32"]
[EventDate "1995.03.??"]
[EventType "tourn"]
[EventRounds "13"]
[EventCountry "LAT"]
[EventCategory "10"]
[Source "ChessBase"]
[SourceDate "1995.08.01"]
[WhiteTeamCountry "EST"]
[BlackTeamCountry "RUS"]

1. e4 c5 2. Nf3 d6 3. c3 Nf6 4. Be2 Nbd7 5. d3 b6 6. O-O Bb7 7. Nbd2 g6 8. Re1
Bg7 9. Bf1 O-O 10. d4 e6 11. b4 Qc7 12. Bb2 Rac8 13. Rc1 a6 14. a3 b5 15. e5
dxe5 16. dxc5 e4 1/2-1/2

[Event "Riga zt"]
[Site "Riga"]
[Date "1995.??.??"]
[Round "11"]
[White "Oll, Lembit"]
[Black "Rausis, Igors"]
[Result "1/2-1/2"]
[WhiteElo "2610"]
[BlackElo "2495"]
[PlyCount "33"]
[EventDate "1995.03.??"]
[EventType "tourn"]
[EventRounds "13"]
[EventCountry "LAT"]
[EventCategory "10"]
[Source "ChessBase"]
[SourceDate "1995.08.01"]
[WhiteTeamCountry "EST"]
[BlackTeamCountry "RUS"]

1. d4 d5 2. c4 Bf5 3. cxd5 Bxb1 4. Qa4+ c6 5. dxc6 Nxc6 6. Rxb1 Qxd4 7. Qxd4
Nxd4 8. Bd2 Rc8 9. e3 Nc6 10. Nf3 e6 11. Bb5 a6 12. Bxc6+ Rxc6 13. Ke2 Bd6 14.
Rhc1 Ne7 15. Rxc6 Nxc6 16. Rc1 Kd7 17. Bc3 1/2-1/2

[Event "Riga zt"]
[Site "Riga"]
[Date "1995.??.??"]
[Round "12"]
[White "Sokolov, Andrei"]
[Black "Oll, Lembit"]
[Result "1/2-1/2"]
[WhiteElo "2520"]
[BlackElo "2610"]
[PlyCount "25"]
[EventDate "1995.03.??"]
[EventType "tourn"]
[EventRounds "13"]
[EventCountry "LAT"]
[EventCategory "10"]
[Source "ChessBase"]
[SourceDate "1995.08.01"]
[WhiteTeamCountry "EST"]
[BlackTeamCountry "RUS"]

1. e4 c6 2. d4 d5 3. Nd2 dxe4 4. Nxe4 Nd7 5. Nf3 Ngf6 6. Nxf6+ Nxf6 7. Bc4 Bf5
8. O-O e6 9. c3 Be7 10. Qe2 O-O 11. Ne5 Nd5 12. Rd1 Qc7 13. Bd3 1/2-1/2

[Event "Riga zt"]
[Site "Riga"]
[Date "1995.??.??"]
[Round "13"]
[White "Oll, Lembit"]
[Black "Fridman, Daniel"]
[Result "1/2-1/2"]
[WhiteElo "2610"]
[BlackElo "2440"]
[PlyCount "21"]
[EventDate "1995.03.??"]
[EventType "tourn"]
[EventRounds "13"]
[EventCountry "LAT"]
[EventCategory "10"]
[Source "ChessBase"]
[SourceDate "1995.08.01"]
[WhiteTeamCountry "EST"]
[BlackTeamCountry "RUS"]

1. d4 d5 2. c4 c6 3. Nf3 Nf6 4. Nc3 e6 5. cxd5 exd5 6. Qc2 g6 7. Bg5 Be7 8. e4
dxe4 9. Bxf6 Bxf6 10. Nxe4 Qe7 11. Bc4 1/2-1/2

[Event "Eupen op rapid"]
[Site "Eupen"]
[Date "1995.??.??"]
[Round "3"]
[White "Lacrosse, Marc"]
[Black "Oll, Lembit"]
[Result "0-1"]
[WhiteElo "2275"]
[BlackElo "2610"]
[PlyCount "66"]
[EventDate "1995.04.08"]
[EventType "swiss (rapid)"]
[EventRounds "7"]
[EventCountry "BEL"]
[Source "ChessBase"]
[SourceDate "1996.11.15"]
[WhiteTeamCountry "EST"]
[BlackTeamCountry "RUS"]

1. d4 Nf6 2. c4 e6 3. Nf3 c5 4. d5 exd5 5. cxd5 d6 6. Nc3 g6 7. g3 Bg7 8. Bg2
O-O 9. O-O Na6 10. h3 Nc7 11. e4 Re8 12. Re1 h6 13. a4 Rb8 14. Nd2 b6 15. Nc4
Ba6 16. Nxd6 Qxd6 17. e5 Rxe5 18. Rxe5 Qxe5 19. Bf4 Qf5 20. Bxc7 Re8 21. Qd2
Nd7 22. Re1 Rxe1+ 23. Qxe1 Bd4 24. Bf4 g5 25. Qe8+ Kg7 26. Be3 Nf6 27. Qa8 Bc4
28. Qxa7 Bxc3 29. bxc3 Nxd5 30. a5 Nxe3 31. fxe3 bxa5 32. Qxa5 Qe5 33. Kf2 Qd6
0-1

[Event "Eupen op rapid"]
[Site "Eupen"]
[Date "1995.??.??"]
[Round "4"]
[White "Oll, Lembit"]
[Black "Sonntag, Hans Hubert"]
[Result "1-0"]
[WhiteElo "2610"]
[BlackElo "2410"]
[PlyCount "87"]
[EventDate "1995.04.08"]
[EventType "swiss (rapid)"]
[EventRounds "7"]
[EventCountry "BEL"]
[Source "ChessBase"]
[SourceDate "1996.11.15"]
[WhiteTeamCountry "EST"]
[BlackTeamCountry "RUS"]

1. e4 e5 2. Nf3 Nc6 3. d4 exd4 4. Nxd4 Nf6 5. Nxc6 bxc6 6. e5 Qe7 7. Qe2 Nd5 8.
c4 Nb6 9. Nd2 a5 10. g3 Qe6 11. b3 a4 12. Bb2 Bb4 13. Bg2 Rb8 14. O-O a3 15.
Bd4 c5 16. Be3 O-O 17. Ne4 Bb7 18. Bxc5 Bxe4 19. Bxb4 Bxg2 20. Kxg2 Rfe8 21.
Bxa3 d6 22. f4 f6 23. Rae1 dxe5 24. fxe5 Nd7 25. Bb2 Ra8 26. a4 fxe5 27. Qf3
Rab8 28. Re3 Rf8 29. Qd5 Qxd5+ 30. cxd5 Rxf1 31. Kxf1 Nf6 32. a5 Nxd5 33. Rxe5
Rxb3 34. Bd4 c6 35. a6 Ra3 36. a7 Kf7 37. Rf5+ Ke6 38. Bc5 Ra1+ 39. Kg2 Nf6 40.
Rf1 Ra2+ 41. Rf2 Ra1 42. Rb2 Nd7 43. Bd4 Ke7 44. Re2+ 1-0

[Event "Eupen op rapid"]
[Site "Eupen"]
[Date "1995.??.??"]
[Round "5"]
[White "Lau, Ralf"]
[Black "Oll, Lembit"]
[Result "0-1"]
[WhiteElo "2490"]
[BlackElo "2610"]
[PlyCount "56"]
[EventDate "1995.04.08"]
[EventType "swiss (rapid)"]
[EventRounds "7"]
[EventCountry "BEL"]
[Source "ChessBase"]
[SourceDate "1996.11.15"]
[WhiteTeamCountry "EST"]
[BlackTeamCountry "RUS"]

1. e4 c5 2. Nf3 d6 3. d4 Nf6 4. Nc3 cxd4 5. Nxd4 a6 6. f4 e6 7. Be2 Qc7 8. O-O
Be7 9. Kh1 O-O 10. Bf3 Nc6 11. g4 Nd7 12. a4 Nxd4 13. Qxd4 b6 14. g5 Bb7 15. f5
Qc5 16. Qd1 b5 17. axb5 axb5 18. Rxa8 Bxa8 19. Qe2 b4 20. Na4 Qe5 21. Qg2 Rc8
22. b3 Qb5 23. Bd2 Rxc2 24. Be2 Qc6 25. Bd3 exf5 26. Rxf5 Ne5 27. Bxc2 Qxc2 28.
Rf4 Nd3 0-1

[Event "New York op"]
[Site "Newark"]
[Date "1995.??.??"]
[Round "?"]
[White "De Firmian, Nick E"]
[Black "Oll, Lembit"]
[Result "1/2-1/2"]
[WhiteElo "2590"]
[BlackElo "2610"]
[PlyCount "120"]
[EventDate "1995.04.12"]
[EventType "swiss"]
[EventRounds "9"]
[EventCountry "USA"]
[Source "ChessBase"]
[SourceDate "2001.11.25"]
[WhiteTeamCountry "EST"]
[BlackTeamCountry "RUS"]

1. e4 c5 2. Nf3 d6 3. d4 Nf6 4. Nc3 cxd4 5. Nxd4 a6 6. f4 e6 7. Qf3 Qb6 8. a3
Nc6 9. Nb3 Qc7 10. Bd3 b5 11. O-O Bb7 12. Bd2 Be7 13. Kh1 O-O 14. Qh3 b4 15.
Ne2 a5 16. a4 Ba6 17. Be3 e5 18. Bg1 Rfe8 19. Rae1 Qc8 20. Qf3 Bf8 21. f5 d5
22. Ng3 Qd7 23. exd5 Qxd5 24. Ne4 Kh8 25. Bxa6 Rxa6 26. Qe2 Raa8 27. Nxf6 gxf6
28. Rd1 Nd4 29. Qg4 Bg7 30. Nxd4 exd4 31. Rxd4 Qc6 32. Qh3 Re2 33. Rh4 Kg8 34.
Rg4 Re4 35. Qf3 Rae8 36. Rxe4 Qxe4 37. Qxe4 Rxe4 38. Bb6 Re5 39. c3 bxc3 40.
bxc3 Bf8 41. Bd4 Re4 42. g3 Re2 43. Bxf6 Bg7 44. Bd8 Bxc3 45. Rf4 Rd2 46. Be7
f6 47. Rc4 Be5 48. Bc5 Rb2 49. Kg1 Kf7 50. Rh4 Kg7 51. Kf1 Kg8 52. Ke1 Kg7 53.
Kd1 Ra2 54. Kc1 h5 55. Be3 Bc3 56. Rxh5 Rxa4 57. Bh6+ Kg8 58. Kc2 Be5 59. Bc1
Rc4+ 60. Kb1 a4 1/2-1/2

[Event "New York op"]
[Site "Newark"]
[Date "1995.??.??"]
[Round "?"]
[White "Oll, Lembit"]
[Black "Antonio, Rogelio"]
[Result "1-0"]
[WhiteElo "2610"]
[BlackElo "2495"]
[PlyCount "127"]
[EventDate "1995.04.12"]
[EventType "swiss"]
[EventRounds "9"]
[EventCountry "USA"]
[Source "ChessBase"]
[SourceDate "2001.11.25"]
[WhiteTeamCountry "EST"]
[BlackTeamCountry "RUS"]

1. d4 Nf6 2. c4 e6 3. Nf3 Bb4+ 4. Bd2 Qe7 5. g3 Nc6 6. Nc3 d5 7. a3 Bxc3 8.
Bxc3 O-O 9. Bg2 Rd8 10. O-O Ne4 11. Qc2 a5 12. b3 Nxc3 13. Qxc3 Bd7 14. Rfe1 a4
15. b4 Be8 16. Rac1 Na7 17. c5 Nb5 18. Qb2 f6 19. Bf1 Bh5 20. Nd2 Qd7 21. e3 c6
22. Nb1 Re8 23. Nc3 Nxc3 24. Qxc3 e5 25. b5 Bg6 26. Bg2 exd4 27. Qxd4 Qe7 28.
Red1 Ra5 29. Bf1 Be4 30. Be2 Qe6 31. f3 Bg6 32. Rc3 Raa8 33. Rd2 Kh8 34. Rb2
Qf5 35. Rb4 Re5 36. Qd2 Qe6 37. Kf2 h6 38. Rd4 Qe7 39. Rb4 Qe6 40. Bd1 cxb5 41.
Rxb5 Qh3 42. Kg1 Qd7 43. Rb4 Be8 44. Bxa4 Qf5 45. f4 Re7 46. Bc2 Qe6 47. Qd3
Qg8 48. Rd4 Bc6 49. a4 Re4 50. Ra3 Rae8 51. Qd2 R4e7 52. a5 Qf8 53. Bd1 Re6 54.
Qc1 Qe7 55. Kf2 f5 56. Bf3 Rd8 57. Qc3 Qf6 58. Qd2 Ree8 59. Rad3 Bb5 60. Rb3
Bc4 61. Rxb7 Qc6 62. Qb2 Qxc5 63. Rxc4 Qxe3+ 64. Kg2 1-0

[Event "New York op"]
[Site "Newark"]
[Date "1995.??.??"]
[Round "?"]
[White "Oll, Lembit"]
[Black "Rogers, Norman"]
[Result "1-0"]
[WhiteElo "2610"]
[BlackElo "2265"]
[PlyCount "55"]
[EventDate "1995.04.12"]
[EventType "swiss"]
[EventRounds "9"]
[EventCountry "USA"]
[Source "ChessBase"]
[SourceDate "2001.11.25"]
[WhiteTeamCountry "EST"]
[BlackTeamCountry "RUS"]

1. e4 c6 2. d4 g6 3. Nc3 d5 4. h3 Nf6 5. e5 Nfd7 6. Nf3 e6 7. h4 a6 8. h5 Bg7
9. Ng5 c5 10. hxg6 hxg6 11. Qf3 Qe7 12. Rxh8+ Bxh8 13. Qh3 Bg7 14. Qh7 Qf8 15.
Bd3 Qh8 16. Qxh8+ Bxh8 17. Bxg6 fxg6 18. Nxe6 Nb6 19. Nc7+ Kd7 20. N3xd5 Nxd5
21. Nxd5 Ra7 22. Nb6+ Kc7 23. dxc5 Bxe5 24. Nc4 Bh2 25. g3 Nd7 26. Bf4+ Kc6 27.
O-O-O b5 28. cxb6 1-0